书目信息 |
| 题名: |
出口业务工作手册
|
|
| 作者: | ;中国轻工业品进出口总公司 编 | |
| 分册: | ||
| 出版信息: | 北京 对外贸易出版社 1982 |
|
| 页数: | 383页 | |
| 开本: | 17cm | |
| 丛书名: | ||
| 单 册: | ||
| 中图分类: | F752.62 | |
| 科图分类: | ||
| 主题词: | 出口-贸易实务--中国--手册 , 贸易实务-出口--中国--手册 , 对外贸易--世界 | |
| 电子资源: | ||
| ISBN: | ||
| 000 | 00788nam0 2200265 45 | |
| 001 | 0182003364 | |
| 005 | 20040429164132.9 | |
| 010 | @dCNY1.15 | |
| 091 | @a4222.10 | |
| 100 | @a19950412d1982 em y0chiy0121 ea | |
| 101 | 0 | @achi |
| 102 | @aCN@b110000 | |
| 105 | @ay z 000yy | |
| 106 | @ar | |
| 200 | 10 | @a出口业务工作手册@Achu kou ye wu gong zuo shou ce@f中国轻工业品进出口总公司编 |
| 210 | @a北京@c对外贸易出版社@d1982 | |
| 215 | @a383页@d17cm | |
| 606 | @a出口-贸易实务@y中国@x手册 | |
| 606 | @a贸易实务-出口@y中国@x手册 | |
| 606 | 0 | @a对外贸易@x世界 |
| 690 | @aF752.62 | |
| 711 | 02 | @a中国轻工业品进出口总公司@Azhong guo qing gong ye pin jin chu kou zong gong si@4编 |
| 801 | 0 | @aCN@b上海图书馆@c20040429 |
| 801 | 2 | @aCN@bNLC@c20040429 |
| 905 | @f1@b168652@dF752.62@e4 | |
| 出口业务工作手册/中国轻工业品进出口总公司编.-北京:对外贸易出版社,1982 |
| 383页;17cm |
| ISBN :CNY1.15 |
| ● |
| 相关链接 |
|
|
|
|
正题名:出口业务工作手册
索取号:F752.62/4
 
预约/预借
| 序号 | 登录号 | 条形码 | 馆藏地/架位号 | 状态 | 备注 |
| 1 | 0168651 | 000490061 | 第一样本阅览室/ [索取号:F752.62/4] | 在馆 | |
| 2 | 0168652 | 000490052 | 第一借阅区/ [索取号:F752.62/4] | 在馆 |